000
00220nam a2200097 a 4500
005
20200930065820.0
008
110726s2004 000 spa d
245
0
_a
Licey y escogido.
260
_c
[s.f.].
999
_c
32248
_d
32248
040
_a
DO-SdBNP